| 000 | 00678nam a2200205 i 4500 | ||
|---|---|---|---|
| 001 | 23649 | ||
| 003 | ES-MaACL | ||
| 005 | 20250822050635.0 | ||
| 007 | t| | ||
| 008 | 021211s1896 sp ||||1| spa d | ||
| 100 | 1 |
_aAnchorena, José. _921402 |
|
| 245 | 1 | 0 |
_aPrincipios generales sobre el arte de lectura / _cJosé Anchorena ; con un recuerdo [de Jose Anchorena] de Miguel Moya. |
| 250 | _a3ª ed. | ||
| 260 |
_aMadrid : _b[s.n.], _c1896 ( _fImp. de los Hijos de J.M. Ducazcal) |
||
| 300 |
_aVII, 99 p. ; _c18 cm. |
||
| 650 | 0 | 7 |
_aLectura _2embne _914059 |
| 700 | 1 |
_aMoya, Miguel, _d1856-1920 _9158750 |
|
| 852 |
_aES-MaACL _jT-1344-F-4 |
||
| 999 |
_c23649 _d23649 |
||